000 00969nam a2200265 i 4500
001 103355
003 ES-MaACL
005 20250904073016.0
007 t|
008 060220s1969 sp ||||1| spa d
080 _a75.036(460)(083.82)
245 0 0 _a25 artistas, nueve tendencias
_b: [exposición, Festivales de España 1969-1970] /
_c[Texto: Antonio de Castro].
260 _a[Madrid :
_bPublicaciones Españolas,
_c1969]
300 _a[30] p. ;
_c28 cm.
490 1 _aCuadernos de arte. Colección ordinaria ;
_v265
650 4 _aPintura española-
_yS.XX-
_vExposiciones.
_916043
655 7 _2tgfbne
_9193628
_aCatálogos de exposiciones
700 1 _aCastro, Antonio de,
_d1947-
_936833
710 2 _aFestivales de España.
_94125
740 0 _aVeinticinco artistas, nueve tendencias.
830 0 _aCuadernos de arte. Colección ordinaria
_v265
_9180064
852 _aES-MaACL
_j2202-F-29
_bR.137163
942 _2udc
999 _c103355
_d103355